<?xml version="1.0" encoding="UTF-8"?>
<record
    xmlns:xsi="http://www.w3.org/2001/XMLSchema-instance"
    xsi:schemaLocation="http://www.loc.gov/MARC21/slim http://www.loc.gov/standards/marcxml/schema/MARC21slim.xsd"
    xmlns="http://www.loc.gov/MARC21/slim">

  <leader>01264nam a2200265 i 4500</leader>
  <controlfield tag="001">178428</controlfield>
  <controlfield tag="003">ES-MaACL</controlfield>
  <controlfield tag="005">20250909174446.0</controlfield>
  <controlfield tag="008">110527q1780    sp           |||| | spa d</controlfield>
  <datafield tag="100" ind1="1" ind2=" ">
    <subfield code="a">Mart&#xED;nez de Meneses, Antonio, </subfield>
    <subfield code="d">n. 1608-</subfield>
    <subfield code="9">146773</subfield>
  </datafield>
  <datafield tag="245" ind1="1" ind2="3">
    <subfield code="a">El arca de No&#xE9; </subfield>
    <subfield code="b">: [comedia famosa] / </subfield>
    <subfield code="c">de Tres ingenios [Antonio Mart&#xED;nez de Meneses, Pedro Rosete Ni&#xF1;o, Jer&#xF3;nimo C&#xE1;ncer y Velasco].</subfield>
  </datafield>
  <datafield tag="260" ind1=" " ind2=" ">
    <subfield code="a">Barcelona : </subfield>
    <subfield code="b">por Francisco Suri&#xE1; y Burgada, impresor, A costas de la Comapa&#xF1;&#xED;a, </subfield>
    <subfield code="c">[ca. 1780]</subfield>
  </datafield>
  <datafield tag="300" ind1=" " ind2=" ">
    <subfield code="a">[28] p. ; </subfield>
    <subfield code="c">19 cm.</subfield>
  </datafield>
  <datafield tag="530" ind1=" " ind2=" ">
    <subfield code="a">Disponible en formato digital.</subfield>
  </datafield>
  <datafield tag="594" ind1=" " ind2=" ">
    <subfield code="a">T&#xED;t. tomado de principio del texto, autores de la B.N.</subfield>
  </datafield>
  <datafield tag="596" ind1=" " ind2=" ">
    <subfield code="a">Fecha de imp. deducida por tipograf&#xED;a.</subfield>
  </datafield>
  <datafield tag="596" ind1=" " ind2=" ">
    <subfield code="a">Pie de imp. tomado de colof&#xF3;n.</subfield>
  </datafield>
  <datafield tag="597" ind1=" " ind2=" ">
    <subfield code="a">Sign.: A-C4, D&#xB2;.</subfield>
  </datafield>
  <datafield tag="597" ind1=" " ind2=" ">
    <subfield code="a">Texto a dos columnas.</subfield>
  </datafield>
  <datafield tag="700" ind1="1" ind2=" ">
    <subfield code="a">Rosete Ni&#xF1;o, Pedro.</subfield>
    <subfield code="9">146774</subfield>
  </datafield>
  <datafield tag="700" ind1="1" ind2=" ">
    <subfield code="a">C&#xE1;ncer y Velasco, Jer&#xF3;nimo de, </subfield>
    <subfield code="d">1599?-1655</subfield>
    <subfield code="9">146775</subfield>
  </datafield>
  <datafield tag="852" ind1=" " ind2=" ">
    <subfield code="a">ES-MaACL</subfield>
    <subfield code="j">D-1955(6) </subfield>
    <subfield code="z">. - Legado de M. de la Fuente </subfield>
    <subfield code="q">- Ejemplar sin port. ni cub. </subfield>
    <subfield code="z">.- Enc. en un vol. facticio </subfield>
    <subfield code="q">- Ejemp. guillotinado, afectando a la parte superior del texto</subfield>
  </datafield>
  <datafield tag="856" ind1=" " ind2=" ">
    <subfield code="u">http://hdl.handle.net/10651/2613 </subfield>
    <subfield code="z">Universidad de Oviedo</subfield>
  </datafield>
  <datafield tag="999" ind1=" " ind2=" ">
    <subfield code="c">178428</subfield>
    <subfield code="d">178428</subfield>
  </datafield>
  <datafield tag="952" ind1=" " ind2=" ">
    <subfield code="0">0</subfield>
    <subfield code="1">0</subfield>
    <subfield code="4">0</subfield>
    <subfield code="7">0</subfield>
    <subfield code="8">Colecci&#xF3;n_digital</subfield>
    <subfield code="a">ATENEOM</subfield>
    <subfield code="b">ATENEOM</subfield>
    <subfield code="c">SVI</subfield>
    <subfield code="d">2011-05-27</subfield>
    <subfield code="e">DON</subfield>
    <subfield code="l">0</subfield>
    <subfield code="o">D-1955(6)</subfield>
    <subfield code="p">901187431</subfield>
    <subfield code="r">2023-02-23 00:00:00</subfield>
    <subfield code="w">2023-02-23</subfield>
    <subfield code="y">MONANT</subfield>
  </datafield>
</record>
